000 00789nam a2200253Ia 4500
003 OSt
005 20221005035357.0
006 a|||||r|||| 00| 0
007 ta
008 221004b |||||||| |||| 00| 0 eng d
020 _a9788178357911 (hbk)
_c750
024 _a118681
037 _bG-4549/11-12, 20/03/2012, Manohar Publisher & Distributors
_cTextual
040 _aCRL
_cCRL
_beng
041 _2eng
_aeng
082 _aY11:7:7.2,d, P9
100 _aDabdi Khurshid
_9588215
245 0 _aSmall children
_b Big dreams
260 _aDelhi
_bKalpaz India
_c2009
300 _a308p.
_ccm.
650 _aLINGUISTICS
942 _hY11:7:7.2,d, P9
_cTEXL
_2cc
999 _c945034
_d945034